000 00960nam a2200325 a 4500
001 22756
003 CZ PrNK
005 20260423102313.0
007 tu
008 010130s2000 xr e 000 1 cze
015 _acnb000983315
020 _a8072573047
_q(brož.)
035 _a(OCoLC)85010997
040 _aABA001
_bcze
041 1 _acze
_heng
072 7 _a821.111(73)-3
_xAmerická próza
_2Konspekt
080 _a821.111(73)-31
_2MRF
100 1 _aHeller, Joseph,
_d1923-1999
_4aut
240 1 0 _aSomething happened.
_lČesky
245 1 0 _aNěco se stalo /
_cJoseph Heller ; přeložil Antonín Přidal
260 _a[Praha] :
_bBB art,
_c[2000]
300 _a429 s. ;
_c18 cm
500 _aPřeloženo z angličtiny
655 7 _aamerické romány
_2czenas
655 9 _aAmerican fiction
_2eczenas
700 1 _aPřidal, Antonín,
_d1935-2017
_4trl
901 _b9788072573042
_f[2. vyd.]
_o20010118
910 _aABA001
942 _2ddc
_cKLDO
_n0
999 _c22756
_d22756